000 00719nam a22002057a 4500
999 _c181844
_d181844
005 20211007110949.0
010 _aB-741710
020 _a9789353793128
_c450.00
035 _aB-741710
037 _aGift
082 _a882.08
100 _aRakesh Ranjan
245 _aM.E.G.-2,British Drama /
_cRakesh Ranjan
260 _a Delhi
_bNeeraj Publications
_c202?
270 _a1507,Ist Floor,Nai Sarak
_b Delhi
_e110006
_k011-23260329,45704411, 23244362, 23285501
_minfo@neerajignoubooks.com
300 _a344p.
_c24cm(pbk)
500 _aI.G.N.O.U. Based Queation Bank Cum Chapterwise Reference Book
942 _2ddc
_cEN
_mRAK
_h882.08